| 000 -ლიდერი |
| ფიქსირებული სიგრძის საკონტროლო ველი |
01437nam a2200241Ia 4500 |
| 001 - საკონტროლო ნომერი |
| საკონტროლო ველი |
23451 |
| 003 - საკონტროლო ნომრის იდენტიფიკატორი |
| საკონტროლო ველი |
GE_BSU |
| 005 - ბოლო ოპერაციის თარიღი და დრო |
| საკონტროლო ველი |
20220530123450.0 |
| 008 - ფიქსირებული სიგრძის მონაცემთა ელემენტები - ზოგადი ინფორმაცია |
| ფიქსირებული სიგრძის საკონტროლო ველი |
181216s1971||||ge |||||||||||||| ||geo|| |
| 040 ## - კატალოგიზაციის წყარო |
| Transcribing agency |
GE_BSU |
| 041 ## - ენის კოდი |
| Language code of text/sound track or separate title |
geo |
| 080 ## - უნივერსალური ათობითი კლასიფიკაციის ინდექსი |
| Universal Decimal Classification number |
94(479.22:560)"15/16" + 355.48(560:55) ს–45 |
| 100 ## - მთავარი ჩანაწერი - პიროვნების სახელი |
| Personal name |
სვანიძე, მიხეილ |
| 9 (RLIN) |
5829 |
| 245 ## - ცნობა სათაურის შესახებ |
| Title |
საქართველო-ოსმალეთის ურთიერთობის ისტორიიდან XVI-XVII სს : |
| Remainder of title |
"გურჯისტანის საკითხი" XVI-XVII სს-ის ოსმალეთ-ირანის ომების დროს / |
| Statement of responsibility, etc |
მიხეილ სვანიძე ; აღმოსავლეთმცოდნეობის ინ-ტი. |
| 264 ## - წარმოების, გამოცემის, დისტრიბუციის და სხვა ცნობები |
| გამოცემის, წარმოების, დისტრიბუციის... ადგილი |
თბილისი : |
| გამოცემის, წარმოების, დისტრიბუციის... სახელწოდება |
მეცნიერება, |
| გამოცემის, წარმოების, დისტრიბუციის... თარიღი |
1971. |
| 300 ## - ფიზიკური აღწერა |
| Extent |
362 გვ. : |
| Other physical details |
ილ. ; |
| Dimensions |
22 სმ.. |
| 501 ## - შენიშვნა თანმხლებ მასალაზე |
| With note |
საძიებლები: გვ. 341-358. |
| 520 ## - SUMMARY, ETC. |
| Summary, etc |
რეზუმე რუსულ და ფრანგულ ენებზე. |
| 653 ## - INDEX TERM--UNCONTROLLED |
| Uncontrolled term |
საქართველო-ოსმალეთის ურთიერთობის ისტორია - 16-17 სს. |
| 653 ## - INDEX TERM--UNCONTROLLED |
| Uncontrolled term |
ოსმალეთ-ირანის ომები |
| 710 ## - ADDED ENTRY--CORPORATE NAME |
| Corporate name or jurisdiction name as entry element |
აღმოსავლეთმცოდნეობის ინსტიტუტი |
| 9 (RLIN) |
13884 |
| 942 ## - ADDED ENTRY ELEMENTS (KOHA) |
| Koha item type |
წიგნი |
| Source of classification or shelving scheme |
|